|
|
|
|
| LEADER |
02551nam a22003975i 4500 |
| 001 |
978-1-4419-1298-5 |
| 003 |
DE-He213 |
| 005 |
20150519180708.0 |
| 007 |
cr nn 008mamaa |
| 008 |
110409s2011 xxu| s |||| 0|eng d |
| 020 |
|
|
|a 9781441912985
|9 978-1-4419-1298-5
|
| 024 |
7 |
|
|a 10.1007/978-1-4419-1298-5
|2 doi
|
| 040 |
|
|
|d GrThAP
|
| 050 |
|
4 |
|a RL1-803
|
| 072 |
|
7 |
|a MJK
|2 bicssc
|
| 072 |
|
7 |
|a MED017000
|2 bisacsh
|
| 082 |
0 |
4 |
|a 616.5
|2 23
|
| 245 |
1 |
0 |
|a Photodynamic Therapy in Dermatology
|h [electronic resource] /
|c edited by Michael H. Gold.
|
| 264 |
|
1 |
|a New York, NY :
|b Springer New York,
|c 2011.
|
| 300 |
|
|
|a X, 206p. 111 illus., 104 illus. in color.
|b online resource.
|
| 336 |
|
|
|a text
|b txt
|2 rdacontent
|
| 337 |
|
|
|a computer
|b c
|2 rdamedia
|
| 338 |
|
|
|a online resource
|b cr
|2 rdacarrier
|
| 347 |
|
|
|a text file
|b PDF
|2 rda
|
| 520 |
|
|
|a Photodynamic Therapy in Dermatology is the first book to cover global research on photodynamic therapy (PDT) in the management of skin disease. Although a relatively young procedure, PDT has enjoyed increased popularity during the last ten years. As research has grown, two distinct routes have appeared: the United States model and the European one, each focusing on different uses and photosensitizers. Dr. Gold has assembled the world’s experts on PDT to create a book that concisely covers every use and photosensitizer available around the world and includes comprehensive coverage of both of the FDA-approved photosensitizers in the United States, all the while carefully differentiating between off-label and FDA-approved uses of photodynamic therapy. Photodynamic Therapy in Dermatology emphasizes how to integrate PDT into practice. Toward this end, it is organized by disease category, with each chapter providing a systematic discussion of indications, PDT approaches from country to country, common side effects, prognosis as well as the underlying science. The book will be of value to dermatologists seeking a state-of-the-art review of PDT around the world, the latest in its clinical uses, and guidance on how to incorporate PDT into clinical practice.
|
| 650 |
|
0 |
|a Medicine.
|
| 650 |
|
0 |
|a Dermatology.
|
| 650 |
1 |
4 |
|a Medicine & Public Health.
|
| 650 |
2 |
4 |
|a Dermatology.
|
| 700 |
1 |
|
|a Gold, Michael H.
|e editor.
|
| 710 |
2 |
|
|a SpringerLink (Online service)
|
| 773 |
0 |
|
|t Springer eBooks
|
| 776 |
0 |
8 |
|i Printed edition:
|z 9781441912978
|
| 856 |
4 |
0 |
|u http://dx.doi.org/10.1007/978-1-4419-1298-5
|z Full Text via HEAL-Link
|
| 912 |
|
|
|a ZDB-2-SME
|
| 950 |
|
|
|a Medicine (Springer-11650)
|